| 000 | 00804nam a22002177a 4500 | ||
|---|---|---|---|
| 003 | OSt | ||
| 005 | 20260313012015.0 | ||
| 008 | 260313b |||||||| |||| 00| 0 eng d | ||
| 020 | _a0-553-21314-8 | ||
| 040 |
_aDWCL GS lib _cOC |
||
| 082 | _aM767a 1992 | ||
| 100 | _aMONTGOMERY, L.M. | ||
| 245 |
_aAnne of avonlea _cL.M. MONTGOMERY |
||
| 260 |
_aNew York _bDell Laurel-Leaf _c1992 |
||
| 300 |
_a276 p _c17 cm |
||
| 520 | _afollows 16-year-old Anne Shirley as she begins her career as the new schoolteacher in Avonlea. | ||
| 650 | _a she transitions from a spirited teenager into a young woman taking on adult responsibilities in the village of Avonlea. | ||
| 650 | _apersonal growth, community responsibility, and finding beauty in daily life. | ||
| 700 | _aL.M. MONTGOMERY | ||
| 942 |
_2ddc _cFIC. _n0 |
||
| 999 |
_c9084 _d9084 |
||